000 00744nam a2200253Ia 4500
003 OSt
005 20220918173146.0
006 a|||||r|||| 00| 0
007 ta
008 220917b |||||||| |||| 00| 0 eng d
024 _a5,401
037 _cTextual
040 _aARTS
_cARTS
_beng
041 _2eng
_aeng
082 _a2:71, M2 (2D)
100 _aOberman Cerise. ed
_945148
245 0 _aTheories of bibliographies education
_b Designs for teaching
260 _aNew York
_bR R Bowker
_c1982
300 _aviii,233p Bibliography
_ccm.
650 _aLIBRARY SCIENCE
700 _a Strauch Katina. ed
_945149
942 _h2:71, M2 (2D)
_cTEXL
_2CC
999 _c147433
_d147433